|
|
|
|
| LEADER |
01818nam a2200469 a 4500 |
| 001 |
nkc20071761726 |
| 003 |
CZ PrNK |
| 005 |
20080317152607.0 |
| 007 |
ta |
| 008 |
071031s2007 xr a c 000 f cze |
| 015 |
|
|
|a cnb001761726
|
| 020 |
|
|
|a 978-80-254-0807-0
|q (váz.)
|
| 035 |
|
|
|a (OCoLC)228596766
|
| 040 |
|
|
|a BOA001
|b cze
|
| 043 |
|
|
|a e-xr---
|b e-xr-pl
|2 czenas
|
| 072 |
|
7 |
|a 821.162.3-3
|x Česká próza
|2 Konspekt
|9 25
|
| 072 |
|
7 |
|a 821-93
|x Literatura pro děti a mládež (beletrie)
|2 Konspekt
|9 26
|
| 080 |
|
|
|a 821-93
|2 MRF
|
| 080 |
|
|
|a 821.162.3-34
|2 MRF
|
| 080 |
|
|
|a (437.317)
|2 MRF
|
| 080 |
|
|
|a (0:82-34)
|2 MRF
|
| 100 |
1 |
|
|a Čekanová, Markéta,
|d 1969-
|7 xx0055503
|4 aut
|
| 245 |
1 |
0 |
|a Půl kopy pohádek a pověstí z plzeňského kraje :
|b pro potěchu všech, kdož mají dětskou duši /
|c [Markéta Čekanová, Zdeněk Zajíček ; ilustroval Vhrsti]
|
| 250 |
|
|
|a Vyd. 1.
|
| 260 |
|
|
|a Plzeň :
|b RLA Stallion,
|c c2007
|
| 300 |
|
|
|a 97 s. :
|b barev. il. ;
|c 31 cm
|
| 651 |
|
7 |
|a Plzeňský kraj (Česko : 2000-)
|7 ge135835
|2 czenas
|
| 651 |
|
9 |
|a Plzeň Region (Czechia)
|2 eczenas
|
| 655 |
|
7 |
|a české pohádky
|7 fd133970
|2 czenas
|
| 655 |
|
7 |
|a české pověsti
|7 fd201456
|2 czenas
|
| 655 |
|
7 |
|a publikace pro děti
|7 fd133156
|2 czenas
|
| 655 |
|
9 |
|a Czech fairy tales
|2 eczenas
|
| 655 |
|
9 |
|a Czech legends
|2 eczenas
|
| 655 |
|
9 |
|a children's literature
|2 eczenas
|
| 700 |
1 |
|
|a Zajíček, Zdeněk,
|d 1963-
|7 xx0055502
|4 aut
|
| 700 |
0 |
|
|a Vhrsti,
|d 1975-
|7 mzk2006368217
|4 ill
|
| 856 |
4 |
1 |
|u http://www.digitalniknihovna.cz/mzk/uuid/uuid:6ee56310-9208-11e7-a9a4-005056827e51
|y Digitalizovaný dokument
|x NDK
|
| 910 |
2 |
|
|a BOA001
|b 4-1196.033
|
| 990 |
|
|
|a BK
|
| 995 |
|
|
|a 01
|
| 991 |
|
|
|b 200801
|
| 996 |
6 |
|
|b 2610327906
|c 4-1196.033
|l MZK
|r Sklad / do 1 hodiny
|n 0
|p p.v.
|w 000879579
|u 000010
|a 1
|e BOA001
|j MZK50
|s P
|